000 00534nam a2200181 i 4500
001 57851
003 ES-MaACL
007 t|
008 031020s1914 fr ||||1| fre d
100 1 _aDuboscq, André.
_945786
245 1 0 _aSyrie-Tripolitaine-Albanie /
_cpar André Duboscq.
260 _aParis :
_bAlcan,
_c1914.
300 _aII, 220 p. :
_bmap. ;
_c19 cm.
490 1 _aBibliothèque d'histoire contemporaine
830 0 _aBibliothèque d'histoire contemporaine
_9180875
852 _aES-MaACL
_jG-7272
999 _c57851
_d57851